000 00302nam a22001337a 4500
008 170601b xxu||||| |||| 00| 0 eng d
020 _a0471099104
041 _aeng
080 _a94
100 _a17
101 _aSHH
245 _aCOMUNICATION IN THE FIRST CEBTURY
_cHAIGH.R.W
942 _2udc
_cBK
999 _c15330
_d15330